000 00669nam a2200265Ia 4500
005 20260306164527.0
008 008 260114s9999 xx 000 0 eng d
020 _a9780191842382
037 _aEBOOK
040 _aCRL
040 _beng
040 _cCRL
041 _2eng
041 _aeng
084 _qCRL
100 _aMichael Fortescue, Marianne Mithun, Nicholas Evans
_91130985
245 4 _aThe Oxford Handbook Of Polysynthesis
260 _bOxford University Press
260 _c2017
650 _aLinguistics
856 _uhttps://academic.oup.com/edited-volume/40413
942 _cEBOOK
999 _c1714395
_d1714395